| 000 | 00871nam a22002415a 4500 | ||
|---|---|---|---|
| 003 | OSt | ||
| 005 | 20161101102556.0 | ||
| 008 | 161031s2003 ua frb 000 0 ara dng d | ||
| 015 | _a2003/8887 | ||
| 020 | _a9770441449 | ||
| 040 |
_aEG-ScBUE _bara _cEG-ScBUE |
||
| 082 | 0 | 4 |
_a345 _bع ب د _222 |
| 100 | 1 | _aعبد المحسن، مصطفى محمد. | |
| 245 | 1 | 2 |
_aالحكم الجنائي : _bالمبادئ والمفترضات / _cمصطفى محمد عبد المحسن. |
| 260 |
_aالقاهرة : _bدار النهضة العربية، _c2003. |
||
| 300 |
_a565 ص. ؛ _c24 سم. |
||
| 504 | _aيشتمل على إرجاعات ببليوجرافية. | ||
| 650 | 0 |
_aالأحكام الجنائية _zمصر. _2BUEsh |
|
| 650 | 0 |
_aالقانون الجنائي _zمصر. _2BUEsh _941146 |
|
| 651 | _2BUEsh | ||
| 653 |
_bLLAAWW _cOctober2016 |
||
| 942 | _2ddc | ||
| 999 |
_c22953 _d22925 |
||